Styxx cały album - Statystyki

Ogólne statystyki
  • Ten quiz został rozwiązany 26 razy
  • Średni wynik to 12 z 15
Statystyki odpowiedzi
Hint Odpowiedź % Poprawnych
15 Felga
96%
2 Bogowie nie krwawią
91%
11 Cytrynowe niebo
91%
8 klej
91%
6 GTA
87%
10 król jest nagi
83%
1 Pumba
83%
12 Nowy szatan
78%
3 Tańcz ze mną
74%
13 wilk
74%
9 Balon
70%
5 panta rhei
70%
4 Piri piri
70%
14 Tabletka na pół
70%
7 Owboy
65%
Nie znaleziono quizów pasujących do podanych kryteriów
Rozkład punktacji
Procent ludzi z każdym wynikiem
Percentyl według liczby udzielonych odpowiedzi
Twoja historia wyników
Nie rozwiązałeś tego quizu